000 00509nam a2200193 a 4500
001 1771568782372
003 YourLibrary
005 20260220115749.0
008 260220s2003##################000#0#eng##
020 _a9780521828048
082 0 4 _a330.12
_bPRZ
100 1 _aPrzeworski, Adam,
_eauthor.
245 1 0 _aStates and Markets :
260 _bCambridge University Press,
_c2003.
300 _a236 pages
650 0 _aPolitical Science.
942 _cENGLISH
040 _aYourLibrary
_beng
_cYourLibrary
999 _c614059
_d614059